00310pab a2200133 454500008004000000100002000040245003300060260000900093300001300102362001100115650001800126650001700144773001500161180718b2002 xxu||||| |||| 00| 0 eng d aGatade, Subhash aChakwara: the other silences c2002 ap.24-28. a19 Oct aGlobalization aUntouchables aMainstream